| 000 | 00621nam a2200181Ia 4500 | ||
|---|---|---|---|
| 003 | IN-BaIIA | ||
| 008 | 211028s9999 xx 000 0 eng d | ||
| 020 | _a0-8194-6447-3 | ||
| 040 | _cIIA Library | ||
| 080 |
_a535(082.1) _bSPI-6352 |
||
| 100 |
_aLee, Yong Hee _932873 |
||
| 245 | 0 |
_aOptoelectronic materials and devices _bpt. 1 _cYong Hee Lee |
|
| 260 |
_aWashington _bThe International Society for Optical Engineering _c2006 |
||
| 300 | _a[various pagings.] | ||
| 650 |
_aDevices-Congresses _932874 |
||
| 650 |
_aOptoelectronic materials-Congresses _932875 |
||
| 942 | _cBK | ||
| 999 |
_c17422 _d17422 |
||